000 00924nam a22002897a 4500
001 BR0503502
003 BR-BrBNA
005 20230928101942.0
007 ta
008 230509b bl.||||| |||| 00| 0 por d
040 _aBR-BrBNA
_bpor
_cBiblioteca Nacional de Agricultura
041 _a(Por)
072 _aE14; P01
090 _ E14 BR0503502
110 1 _aMinistério do Meio Ambiente, Brasília, DF (Brasil). Secretaria de Políticas para o Desenvolvimento Sustentável
245 1 _aMetodologia de Zoneamento ecológico-econômico para região sudeste; transcrição dos debates
260 3 _aBrasília, DF (Brasil):
_c2001.
300 _a448 p.
650 _aZONEAMENTO ECOLÓGICO
650 _aMEIO AMBIENTE
650 _aDESENVOLVIMENTO SUSTENTÁVEL
650 _aPOLÍTICA AMBIENTAL
650 _aPLANEJAMENTO REGIONAL
650 _aSUDESTE
909 _a202309
_bLucia
_c55
_dLucia Elande
942 _cBK
999 _c68388
_d68388